Naxalite threat in India: implications and counter strategy (Record no. 502593)

000 -LEADER
fixed length control field 00585cam a22001577a 4500
008 - FIXED-LENGTH DATA ELEMENTS--GENERAL INFORMATION
fixed length control field 180718b2012 xxu||||| |||| 00| 0 eng d
082 ## - DEWEY DECIMAL CLASSIFICATION NUMBER
Classification number APPPA 2011-12/SEN
100 ## - MAIN ENTRY--PERSONAL NAME
Personal name Sengar, Anil Kumar
245 ## - TITLE STATEMENT
Title Naxalite threat in India: implications and counter strategy
Statement of responsibility, etc. by Anil Kumar Sengar
260 ## - PUBLICATION, DISTRIBUTION, ETC.
Place of publication, distribution, etc. New Delhi
Name of publisher, distributor, etc. Indian Institute of Public Administration
Date of publication, distribution, etc. 2012
300 ## - PHYSICAL DESCRIPTION
Extent 123p.
500 ## - GENERAL NOTE
General note An APPPA M. Phil dissertation, 2011-12 (Guide: Dr. Girish Kumar)
650 ## - SUBJECT ADDED ENTRY--TOPICAL TERM
Topical term or geographic name entry element Terrorism --India
650 ## - SUBJECT ADDED ENTRY--TOPICAL TERM
Topical term or geographic name entry element India --Politics and government --1947-
650 ## - SUBJECT ADDED ENTRY--TOPICAL TERM
Topical term or geographic name entry element Naxalite movement -India
Holdings
Withdrawn status Lost status Damaged status Not for loan Permanent Location Current Location Date acquired Full call number Barcode Date last seen Price effective from Koha item type
        Indian Institute of Public Administration Indian Institute of Public Administration 2018-08-04 APPPA 2011-12/SEN GR18786 2018-08-04 2018-08-04 GR

Powered by Koha